000
00250nam a2200109Ia 4500
008
190912s9999||||xx |||||||||||||| ||und||
100
_a
Mehmood Qadri
245
0
_a
Warafana Lakazikrak
260
_a
Karachi
_b
Hasaan
_c
2009
300
_a
192
942
_c
BK
999
_c
7511
_d
7511